| 000 | 00834nam a2200229 a 4500 | ||
|---|---|---|---|
| 001 | 63352 | ||
| 003 | BD-RjUL | ||
| 005 | 20211209081204.0 | ||
| 008 | 170129s2008 ii ||||| |||| 00| 0 ben d | ||
| 020 | _c: IRs 250.00 | ||
| 035 | _a(BD-RjUL)63481 | ||
| 040 |
_aBD-RjUL _bben _cBD-RjUL |
||
| 041 | _aben | ||
| 082 |
_223 _a398.2095492 _bMUB 2008 |
||
| 100 |
_aমুখোপাধ্যায়, আদিত্য _9188529 |
||
| 245 | 1 | 0 |
_aবাংলার বহুরূপী / _cআদিত্য মুখপাধ্যায় |
| 260 |
_aকলিকাতা : _bবলাকা, _c২০০৮ |
||
| 300 |
_a২০৮ পৃ. ; _c২১ সেমি. |
||
| 650 |
_aলোক সাহিত্য _zবাংলাদেশ _9188530 |
||
| 650 |
_aFolk Literature _zBangladesh _9180925 |
||
| 942 |
_2ddc _cBK |
||
| 999 |
_c63352 _d63352 |
||